Dinamo Marlov Barrios (Record no. 594)
[ view plain ]
| 000 -LEADER | |
|---|---|
| campo de control de longitud fija | 00566nam a22001577a 4500 |
| 008 - DATOS DE LONGITUD FIJA--INFORMACIÓN GENERAL | |
| campo de control de longitud fija | 150515b xxu||||| |||| 00| 0 eng d |
| 082 ## - NÚMERO DE LA CLASIFICACIÓN DECIMAL DEWEY | |
| Número de clasificación | 708 |
| Número de ítem | V 713d |
| 100 ## - ENTRADA PRINCIPAL--NOMBRE DE PERSONA | |
| Nombre de persona | Villagran, Plinio |
| 9 (RLIN) | 2663 |
| 245 ## - MENCIÓN DEL TÍTULO | |
| Título | Dinamo Marlov Barrios |
| Mención de responsabilidad, etc. | Villagran, Plinio |
| 260 ## - PUBLICACIÓN, DISTRIBUCIÓN, ETC. | |
| Lugar de publicación, distribución, etc. | Guatemala |
| Nombre del editor, distribuidor, etc. | Print Studio |
| Fecha de publicación, distribución, etc. | 2010 |
| 300 ## - DESCRIPCIÓN FÍSICA | |
| Extensión | 38 p. |
| Otras características físicas | ill. (col) |
| Dimensiones | 24x30 cm |
| 650 ## - PUNTO DE ACCESO ADICIONAL DE MATERIA--TÉRMINO DE MATERIA | |
| Subdivisión general | Barrios, Marlov-Exhibición |
| -- | Arte moderno |
| -- | Arte Latinoamericano |
| Subdivisión geográfica | Guatemala |
| 9 (RLIN) | 2664 |
| 650 ## - PUNTO DE ACCESO ADICIONAL DE MATERIA--TÉRMINO DE MATERIA | |
| Subdivisión general | Exhibiciones |
| Término de materia o nombre geográfico como elemento de entrada | Arte Moderno |
| Subdivisión cronológica | Siglo 21 |
| 9 (RLIN) | 3761 |
| 650 ## - PUNTO DE ACCESO ADICIONAL DE MATERIA--TÉRMINO DE MATERIA | |
| Subdivisión general | Exhibiciones |
| Subdivisión geográfica | Guatemala |
| Término de materia o nombre geográfico como elemento de entrada | Arte |
| 9 (RLIN) | 3762 |
| 700 ## - ENTRADA AGREGADA--NOMBRE PERSONAL | |
| Nombre de persona | Plinio Villagran |
| 9 (RLIN) | 2665 |
| Estatus retirado | Estado de pérdida | Fuente del sistema de clasificación o colocación | Estado de daño | No para préstamo | Biblioteca de origen | Biblioteca actual | Ubicación en estantería | Fecha de adquisición | Total de préstamos | Signatura topográfica completa | Código de barras | Visto por última vez | Precio de reemplazo | Tipo de ítem Koha |
|---|---|---|---|---|---|---|---|---|---|---|---|---|---|---|
| Clasificación Decimal Dewey | Biblioteca LadoV | Biblioteca LadoV | 15/05/2015 | 708 V 713d | 004039 | 15/05/2015 | 15/05/2015 | Material 01 |
